| 000 | 00833ntm a22002177a 4500 | ||
|---|---|---|---|
| 005 | 20170813140807.0 | ||
| 008 | 170802s2013 xx a frb 000 0 eng d | ||
| 040 |
_aEG-ScBUE _beng _cEG-ScBUE |
||
| 082 | 0 | 4 |
_222 _a621 _bDES |
| 245 | 0 | 0 |
_aDesigning of an energy efficient small reverse osmosis underground water desalination plant / _cAmr Mohamed Fathi...[et al.]. |
| 260 | _c2013. | ||
| 300 |
_avii, 33 p. : _bill. (col.) ; _c28 cm. |
||
| 500 | _aA design group submitted to the Faculty of engineering, the British University in Egypt,in partial fulfillment of the requirement for the bachelor degree in mechanical engineering | ||
| 590 | _anagwa | ||
| 650 | 7 |
_2BUEsh _aMechanical Engineering _vProjects |
|
| 653 |
_bENGMEC _cAugust2017 |
||
| 655 | _vSPRO | ||
| 700 | 1 |
_aAbbdel kader,Amr. _ethe |
|
| 777 | _ASPRO | ||
| 942 | _2ddc | ||
| 999 |
_c25265 _d25237 |
||